[Event "TCh-FRA Top 12 2012"]
[Site "Belfort FRA"]
[Date "2012.06.05"]
[Round "6.8"]
[White "Congiu,M"]
[Black "Fruteau,S"]
[Result "1-0"]
[WhiteElo "2206"]
[BlackElo "2127"]

1.e4 d5 2.exd5 Qxd5 3.Nc3 Qd6 4.d4 Nf6 5.Nf3 a6 6.g3 e6 7.Bg2 Nc6 8.O-O Be7
9.Bf4 Qd8 10.Qe2 O-O 11.a3 Nd5 12.Bd2 Bf6 13.Qd3 Nde7 14.Be3 g6 15.Rad1 Bg7
16.Qe4 Nd5 17.Bg5 Nxc3 18.bxc3 Qd6 19.Bc1 Rb8 20.a4 b5 21.Ng5 Ne7 22.Qh4 h6
23.Ne4 Qd8 24.Bxh6 Nf5 25.Qxd8 Rxd8 26.Bg5 Rf8 27.axb5 Rxb5 28.Nf6+ Kh8 29.f4 Ne3
30.Rd3 Nxf1 31.g4 Rxg5 32.fxg5 Bxf6 33.gxf6 Nxh2 34.Kxh2 e5 35.Kg3 exd4 36.cxd4 Be6
37.d5 Bd7 38.Rc3 Rc8 39.Rc5 Kh7 40.Bf1 Kh6 41.Bxa6 Ra8 42.Rxc7 Rxa6 43.Rxd7 Kg5
44.Rxf7 Ra3+ 45.Kf2 Rc3 46.d6 Rxc2+ 47.Ke3 Rc1 48.d7 Rd1 49.Ke4 Kh6 50.Ke5 g5
51.Ke6 Re1+ 52.Kd6 Rd1+ 53.Ke7 Re1+ 54.Kf8 Rd1 55.Ke8  1-0

[Event "1st Grand Europe Open"]
[Site "Golden Sands BUL"]
[Date "2012.06.06"]
[Round "3.61"]
[White "Khouri,A"]
[Black "Panbukchian,V"]
[Result "0-1"]
[WhiteElo "2073"]
[BlackElo "2359"]

1.e4 d5 2.exd5 Qxd5 3.Nc3 Qd6 4.d4 Nf6 5.Nf3 a6 6.g3 Bg4 7.h3 Bxf3 8.Qxf3 c6
9.Qd3 e6 10.Bg2 Qc7 11.Bf4 Bd6 12.Bxd6 Qxd6 13.O-O-O Nbd7 14.Rhe1 O-O 15.Ne4 Qc7
16.Kb1 Rad8 17.Qe2 Rfe8 18.Nxf6+ Nxf6 19.Qe5 Qe7 20.c4 Kf8 21.g4 Qb4 22.b3 a5
23.Kb2 Nd7 24.Qh5 Nb6 25.Kc2 Nxc4 26.bxc4 Qxc4+ 27.Kb1 Qb4+ 28.Kc1 Rxd4 29.Rxd4 Qxe1+
30.Kc2 Kg8 31.Rd2 e5 32.Qh4 Qa1 33.Kd3 Qd4+ 34.Ke2 Qc4+ 35.Ke1 h6 36.Qg3 e4
37.Qe3 h5 38.f3 Re6 39.fxe4 hxg4 40.hxg4 Re8 41.Qb3 Qc5 42.Ke2 Qe7 43.Rd1 g6
44.Rh1 Qe5 45.Qxb7 Rb8 46.Qxc6 Qg3 47.Rc1 Qxg2+ 48.Ke3 Qxg4 49.Qc7 Re8 50.Rc4 Qg1+
51.Kd3 Qb1+ 52.Rc2 Qf1+ 53.Kd4 Qd1+ 54.Ke3 Qg1+ 55.Kd3 Qg4 56.Qc6 Rd8+ 57.Ke3 Qg3+
58.Ke2 Rd3 59.e5 Re3+ 60.Kd2 Qe1+  0-1

[Event "1st Grand Europe Open"]
[Site "Golden Sands BUL"]
[Date "2012.06.06"]
[Round "3.58"]
[White "Yordanova,S"]
[Black "Manea,Al"]
[Result "1/2-1/2"]
[WhiteElo "2095"]
[BlackElo "2375"]

1.e4 d5 2.exd5 Qxd5 3.Nc3 Qd6 4.d4 Nf6 5.Nf3 a6 6.g3 Bg4 7.Bg2 Nc6 8.O-O O-O-O
9.Be3 e5 10.dxe5 Nxe5 11.Qxd6 Bxd6 12.Nd2 Bf5 13.Nce4 Be7 14.Nxf6 Bxf6 15.Ne4 Bxe4
16.Bxe4 Nc4 17.Bc1 Rhe8 18.Bf5+ Kb8 19.Rb1 g6 20.Bd3 Ne5 21.Be2 Nc6 22.Bc4 Ne5
23.Be2 Nc6 24.Bc4 Re7 25.Be3 b5 26.Bb3 Bd4 27.Bf4 f6 28.c3 Be5 29.Be3 Na5
30.Rbd1 Rxd1 31.Bxd1 Nc4 32.Bc1 Bd6 33.Kg2 c6 34.b3 Nb6 35.Bf3 Kc7 36.Bd2 Rd7
37.Rd1 Be5 38.Be1 Re7 39.Kf1 Re8 40.c4 bxc4 41.bxc4 Bd6 42.Ba5 Bc5 43.Re1 Rxe1+
44.Kxe1 Kd6 45.Bxb6 Bxb6 46.g4 Bd4 47.Ke2 Kc5 48.Be4 Kb6  1/2-1/2

[Event "Server24Chess 2012"]
[Site "Ortisei ITA"]
[Date "2012.06.07"]
[Round "6"]
[White "Friedrich,N"]
[Black "De Napoli,G"]
[Result "1-0"]
[WhiteElo "2309"]
[BlackElo "2057"]

1.e4 d5 2.exd5 Qxd5 3.Nc3 Qd6 4.d4 Nf6 5.Nf3 Bg4 6.h3 Bh5 7.g4 Bg6 8.Ne5 Nbd7
9.Nb5 Qb6 10.Nc4 Qc6 11.d5 Nxd5 12.Qxd5 Qxd5 13.Nxc7+ Kd8 14.Nxd5 Be4 15.Rg1 Bxd5
16.Bd2 e6 17.Ne3 Bc6 18.O-O-O Bf3 19.Re1 Be7 20.Bg2 Bxg2 21.Rxg2 Rc8 22.Rd1 Kc7
23.Bc3 Nf6 24.Nc4 Rhf8 25.a4 Rcd8 26.Rgg1 g6 27.Be5+ Kc6 28.Bd4 b6 29.b4 Kb7
30.b5 Ne4 31.f4 Nc5 32.a5 Rd5 33.a6+ Kc8 34.Be3 Na4 35.Rxd5 exd5 36.Ne5 Ba3+
37.Kd2 Bb4+ 38.Kd3 Nb2+ 39.Ke2 Nc4 40.Nxc4 dxc4 41.Rd1 Re8 42.Kf3 Kc7 43.Bf2 Bc5
44.Bd4 f6 45.Bf2 Re6 46.f5 gxf5 47.gxf5 Re7 48.Bg3+ Kc8 49.Re1 Kd7 50.Rxe7+ Kxe7
51.Ke4 Bd6 52.Bf2 Bb8 53.Kd5 c3 54.Kc6  1-0

[Event "5th Mayors Cup 2012"]
[Site "Mumbai IND"]
[Date "2012.06.08"]
[Round "2.18"]
[White "Karthik,V4"]
[Black "Sriram,J"]
[Result "1/2-1/2"]
[WhiteElo "2015"]
[BlackElo "2436"]

1.e4 d5 2.exd5 Qxd5 3.Nc3 Qd6 4.d4 Nf6 5.Nf3 a6 6.Be3 Bg4 7.h3 Bh5 8.g4 Bg6
9.Ne5 Nd5 10.Qf3 c6 11.h4 Qb4 12.h5 Bxc2  1/2-1/2

[Event "4th Rheinland-Pfalz Open 2012"]
[Site "Altenkirchen GER"]
[Date "2012.06.09"]
[Round "6.1"]
[White "Vovk,A"]
[Black "Tiviakov,S"]
[Result "1/2-1/2"]
[WhiteElo "2549"]
[BlackElo "2656"]

1.e4 d5 2.exd5 Qxd5 3.Nc3 Qd6 4.d4 Nf6 5.Nf3 g6 6.Bc4 Bg7 7.O-O O-O 8.h3 a6
9.a4 Nc6 10.b3 Ne8 11.Ba3 Qd8 12.Re1 Nd6 13.Bd5 Bd7 14.Qd3 e6 15.Bxc6 Bxc6
16.Ne5 Be8 17.Rad1 b5 18.axb5 axb5 19.Bb4 Ra6 20.d5 Qh4 21.Bc5 Qf4 22.Nf3 e5
23.Ne2 Qf5 24.Qxf5 gxf5 25.Ra1 Rxa1 26.Rxa1 f6 27.Ra7 Rf7 28.Ra8 Rf8 29.Ra7 Rf7
30.Nh4 Ne4 31.Ra8 Nxc5 32.Rxe8+ Bf8 33.Nxf5 Rd7 34.Ne3 b4 35.Ng3 Kf7 36.Rc8 Nb7
37.Rb8 Nd8 38.Ngf5 c6 39.d6 Bxd6 40.Nxd6+ Rxd6 41.Rxb4 Ne6 42.Rb7+ Kg6 43.b4 Nd4
44.Kf1 f5 45.Rb6 Kf6 46.c3 Nb5 47.c4 Nd4 48.b5 Ke6 49.bxc6 Rxc6 50.Rxc6+ Nxc6
51.Ke2 e4 52.f4 exf3+ 53.Kxf3 Ke5 54.Nc2 Na5 55.c5 Nc6 56.g3 Nd8 57.Nb4 Ne6
58.c6 Kd6 59.h4 Kc5 60.c7 Nxc7 61.Kf4 Kxb4 62.Kxf5 Kc5 63.g4 Kd6 64.Kf6 Nd5+
65.Kg7 Ne3 66.g5 Nf5+ 67.Kxh7 Nxh4  1/2-1/2

[Event "TCh-FRA Top 12 2012"]
[Site "Belfort FRA"]
[Date "2012.06.09"]
[Round "10.8"]
[White "Fruteau,S"]
[Black "Skripchenko,A"]
[Result "0-1"]
[WhiteElo "2127"]
[BlackElo "2440"]

1.e4 d5 2.exd5 Qxd5 3.Nc3 Qd6 4.d4 Nf6 5.Nf3 g6 6.g3 Bg7 7.Bg2 O-O 8.O-O c6
9.a3 Bg4 10.Bf4 Qd8 11.Qd2 Nbd7 12.h3 Bxf3 13.Bxf3 Nb6 14.Rab1 Qd7 15.Kg2 Rad8
16.Rfd1 Rfe8 17.Bh6 Nc4 18.Qg5 Bxh6 19.Qxh6 Qf5 20.Qc1 e5 21.g4 Qe6 22.dxe5 Rxd1
23.Qxd1 Nxe5 24.Qd4 h5 25.Re1 hxg4 26.hxg4 Nxf3 27.Rxe6 Nxd4 28.Rxf6 Ne6
29.Rf3 Rd8 30.Ne4 Rd1 31.Re3 Kf8 32.c3 Rb1 33.b4 b5 34.c4 bxc4 35.Rc3 Rb3
36.Rxc4 Rxa3 37.Rxc6 Rb3 38.Rc4 Nf4+ 39.Kh2 Nd5 40.Rc8+ Ke7 41.Ra8 Ra3 42.Rb8 f6
43.Nc5 g5 44.Ne4 Ke6 45.Re8+ Kd7 46.Rb8 Ke7 47.Nc5 Rf3 48.Kg2 Rf4 49.f3 Rxb4
50.Ra8 Rb2+ 51.Kg1 Ra2 52.Ne4 a5 53.Ra6 a4 54.Rd6 Ra1+ 55.Kf2 Nc3 56.Ra6 Nxe4+  0-1

[Event "Kuna Arandu Elite"]
[Site "Luque PAR"]
[Date "2012.06.11"]
[Round "6"]
[White "Cubas,Jo"]
[Black "Zambrana,O"]
[Result "1-0"]
[WhiteElo "2534"]
[BlackElo "2467"]

1.e4 d5 2.exd5 Qxd5 3.Nc3 Qd6 4.d4 Nf6 5.Nf3 g6 6.Nb5 Qd8 7.c4 c6 8.Nc3 Bg7
9.h3 O-O 10.Be2 Bf5 11.O-O Qb6 12.Re1 Re8 13.c5 Qc7 14.Bc4 Bc8 15.Ne5 e6
16.Bf4 Qe7 17.Qd2 Nbd7 18.Re2 Nxe5 19.Bxe5 b6 20.b4 Bb7 21.Rae1 Rad8 22.Qb2 Rd7
23.b5 bxc5 24.bxc6 Bxc6 25.d5 Rb7 26.Qa3 Rb4 27.dxc6 Rxc4 28.Qa6 Rxc3 29.Bxc3 Qc7
30.Rd2 Ne4 31.Rd7 Qf4 32.Rxe4 Qxe4 33.c7 Qa8 34.Bxg7 Kxg7 35.Qd6 Qd5 36.Qxd5 exd5
37.Rd8  1-0

[Event "ch-FIN 2012"]
[Site "Helsinki FIN"]
[Date "2012.06.13"]
[Round "3"]
[White "Sipila,V"]
[Black "Valli,F"]
[Result "1-0"]
[WhiteElo "2393"]
[BlackElo "2278"]

1.e4 d5 2.exd5 Qxd5 3.Nc3 Qd6 4.d4 Nf6 5.Nf3 c6 6.Ne5 Nbd7 7.Nc4 Qc7 8.Qf3 Nb6
9.Bf4 Qd7 10.Nxb6 axb6 11.O-O-O Qg4 12.Qe3 Qe6 13.d5 Qxe3+ 14.Bxe3 b5 15.dxc6 bxc6
16.Bxb5 Bb7 17.Bd3 e6 18.Kb1 Be7 19.h3 Nd5 20.Nxd5 exd5 21.c4 dxc4 22.Bxc4 Bc8
23.Bf4 Ra4 24.Rc1 Bf5+ 25.Ka1 Be6 26.Bxe6 Rxf4 27.Bb3 Kd7 28.Rhd1+ Kc7 29.Bd5 Rf6
30.Re1 Bb4 31.Re2 Rd8 32.Bf3 Rd2 33.Re4 Bc5 34.Rec4 Bd4 35.Rb4 Bxf2 36.a4 c5
37.Rb7+ Kc8 38.Rb5 Rf4 39.a5 Kc7 40.Kb1 Kd6 41.Rc3 Ra4 42.Kc1 Rdd4 43.Rcxc5 Rac4+
44.Rxc4 Rxc4+ 45.Kd2 Rc5 46.Rb6+ Kc7 47.b4 Rc4 48.Rb7+ Kc8 49.Rxf7 Bd4 50.b5 Rc5
51.b6  1-0

[Event "16th Voronezh Master Open"]
[Site "Voronezh RUS"]
[Date "2012.06.13"]
[Round "2.45"]
[White "Klimentov,R"]
[Black "Baraeva,I"]
[Result "1/2-1/2"]
[WhiteElo "2274"]
[BlackElo "2169"]

1.e4 d5 2.exd5 Qxd5 3.Nc3 Qd6 4.d4 Nf6 5.Nf3 c6 6.Bg5 Bf5 7.Qd2 Nbd7 8.O-O-O e6
9.Bf4 Qb4 10.Bd3 Bxd3 11.Qxd3 Bd6 12.Bg3 Bxg3 13.hxg3 O-O-O 14.Kb1 h6 15.Qe2 Nb6
16.a3 Qe7 17.Ne5 Rhf8 18.Ne4 Nxe4 19.Qxe4 Nd7 20.Qg4 Nxe5 21.dxe5 Rxd1+ 22.Rxd1 g6
23.Rd6 Rd8 24.Qf4 Rxd6 25.exd6 Qf8 26.c4 Kd7 27.c5 f6 28.Qa4 Qb8 29.Kc2 a6
30.Qa5 Qc8 31.Qb4 Qb8 32.Qb6 Qc8  1/2-1/2

[Event "16th Voronezh Master Open"]
[Site "Voronezh RUS"]
[Date "2012.06.13"]
[Round "2.18"]
[White "Yudin,S"]
[Black "Kostin,K"]
[Result "1-0"]
[WhiteElo "2530"]
[BlackElo "2337"]

1.e4 d5 2.exd5 Qxd5 3.Nc3 Qd6 4.d4 Nf6 5.Nf3 c6 6.Ne5 Nbd7 7.Nc4 Qc7 8.Qf3 Nb6
9.Bf4 Qd7 10.Be5 Qf5 11.Qd1 Nxc4 12.Bxc4 Qg6 13.O-O Bh3 14.Bg3 Bf5 15.d5 Rd8
16.Re1 Ne4 17.Nxe4 Bxe4 18.Qd4 Bxd5 19.Bd3 Qf6 20.Qxa7 Qxb2 21.Bc7 Rc8 22.Bb6 e5
23.Qxb7 Be6 24.Bc4  1-0

[Event "ch-FIN 2012"]
[Site "Helsinki FIN"]
[Date "2012.06.15"]
[Round "5"]
[White "Nyysti,S"]
[Black "Valli,F"]
[Result "1-0"]
[WhiteElo "2341"]
[BlackElo "2278"]

1.e4 d5 2.exd5 Qxd5 3.Nc3 Qd6 4.d4 Nf6 5.Nf3 c6 6.Ne5 Nbd7 7.f4 Nb6 8.g4 Nbd5
9.Bg2 Nxc3 10.bxc3 g6 11.O-O Bg7 12.Rb1 O-O 13.Rb3 Qc7 14.f5 Nd7 15.Nf3 e6
16.Nh4 exf5 17.gxf5 Qd8 18.Qg4 Nf6 19.Qg3 Nh5 20.Qf2 Bf6 21.Nf3 Bxf5 22.Rxb7 Qa5
23.Bh6 Bg7 24.Bxg7 Nxg7 25.Ne5 Qxc3 26.Nxc6 Qxc2 27.Qxc2 Bxc2 28.Rb2 Bd3
29.Rd1 Bc4 30.Rc1 Be6 31.Ne7+ Kh8 32.Bxa8 Rxa8 33.d5 Bg4 34.Rcb1 Nf5 35.Rb8+ Rxb8
36.Rxb8+ Kg7 37.Nxf5+ Bxf5 38.Ra8 Be4 39.d6  1-0

[Event "3rd Forni di Sopra Open"]
[Site "Forni di Sopra ITA"]
[Date "2012.06.16"]
[Round "1.1"]
[White "Salgado Lopez,I"]
[Black "Cnossen,W"]
[Result "1-0"]
[WhiteElo "2623"]
[BlackElo "2160"]

1.e4 d5 2.exd5 Qxd5 3.Nc3 Qd6 4.Nf3 Nf6 5.Be2 c6 6.h3 Bf5 7.d4 e6 8.Nh4 Bg6
9.O-O Qc7 10.Bf3 Bd6 11.Re1 O-O 12.Nxg6 hxg6 13.g3 Nbd7 14.Bg2 Nb6 15.Bg5 Nbd5
16.Ne2 Qa5 17.Bd2 Qa6 18.b3 b5 19.c3 Rac8 20.a4 Qb7 21.c4 bxc4 22.bxc4 Ne7
23.a5 Qa6 24.Qa4 Rb8 25.Reb1 e5 26.Rxb8 Rxb8 27.dxe5 Bxe5 28.Re1 c5 29.Nc3 Qd6
30.Qc2 a6 31.Ne4 Nxe4 32.Qxe4 Qxd2 33.Qxe5 Rb2 34.Qe3 Nf5 35.Qxd2 Rxd2 36.Re8+ Kh7
37.Bd5 Nd6 38.Ra8 Rd4 39.Rxa6 Nxc4 40.Bxf7 Ne5 41.Be8 c4 42.f4 Rd8 43.Re6 c3
44.fxe5  1-0

[Event "3rd Forni di Sopra Open"]
[Site "Forni di Sopra ITA"]
[Date "2012.06.16"]
[Round "1.23"]
[White "Boscolo,F"]
[Black "Callier,C"]
[Result "1-0"]
[WhiteElo "2300"]
[BlackElo "2034"]

1.e4 d5 2.exd5 Qxd5 3.Nc3 Qd6 4.d4 Nf6 5.Nf3 a6 6.Ne5 Nc6 7.Bf4 Ng4 8.Bc4 Ngxe5
9.dxe5 Nxe5 10.Bxf7+ Kxf7 11.Qh5+ g6 12.Qxe5 Bg7 13.Qe3 e5 14.Bg3 Bf5 15.O-O Rhe8
16.Rad1 Qc6 17.Rd5 Rad8 18.Rfd1 Rxd5 19.Rxd5 Bxc2 20.h3 Qb6 21.Rd7+ Kg8 22.Qxb6 cxb6
23.Rxb7 Re6 24.Nd5 b5 25.Nc7 Rc6 26.Nd5 Re6 27.Ra7 e4 28.b3 Bb1 29.a4 bxa4
30.bxa4 Bc2 31.a5 Bd3 32.Ne7+ Kf8 33.Nc8 Kg8 34.Bd6 Bd4 35.Rc7 Bxf2+ 36.Kxf2 e3+
37.Ke1 Rf6 38.Ne7+ Kh8 39.Be5  1-0

[Event "ch-FIN 2012"]
[Site "Helsinki FIN"]
[Date "2012.06.17"]
[Round "7"]
[White "Pudas,T"]
[Black "Valli,F"]
[Result "0-1"]
[WhiteElo "2313"]
[BlackElo "2278"]

1.e4 d5 2.exd5 Qxd5 3.Nc3 Qd6 4.d4 Nf6 5.Nf3 c6 6.Be2 Bf5 7.O-O h6 8.Ne5 e6
9.Bf4 Qd8 10.Bh5 Nxh5 11.Qxh5 Qf6 12.Nc4 Bxc2 13.Nd6+ Bxd6 14.Bxd6 Qf5 15.Qh4 Qg5
16.Qh3 Nd7 17.f4 Qf5 18.Qh4 Nf6 19.Rac1 Rd8 20.Be5 Bd3 21.Rf3 Bc4 22.Nd1 Bxa2
23.Rg3 Nh5 24.Ne3 Nxg3 25.Nxf5 Nxf5 26.Qe1 O-O 27.Ra1 Bc4 28.Qb4 Ba6 29.g4 Ne3
30.g5 f6 31.gxf6 gxf6 32.Bd6 Rf7 33.Kh1 Rg7 34.Bc5 Bc4 35.h4 Bd5+ 36.Kh2 Rg2+
37.Kh3 Bf3  0-1

[Event "Teplice Open 2012"]
[Site "Teplice CZE"]
[Date "2012.06.17"]
[Round "2.53"]
[White "Privoznik,Lubos"]
[Black "Lacha,Ja"]
[Result "1/2-1/2"]
[WhiteElo "1617"]
[BlackElo "1908"]

1.e4 d5 2.exd5 Qxd5 3.Nc3 Qd6 4.d4 Nf6 5.Nf3 a6 6.g3 b5 7.Bg2 Bb7 8.O-O e6
9.Bf4 Qb6 10.a4 Bd6 11.Be3 c5 12.Re1 O-O 13.Qd3 b4 14.Ne2 Be4 15.Qc4 Bd5
16.dxc5 Qb7 17.Qd3 Bxg3 18.fxg3 Bxf3 19.Bxf3 Qxf3 20.Bd4 Qc6 21.Bxf6 gxf6
22.Qc4 Rc8 23.Qxb4 Qxc5+ 24.Qxc5 Rxc5 25.c3 Nd7 26.Red1 Ne5 27.h3 Rb8 28.b4 Rc6
29.Kf2 Kf8 30.Rd2 Ke7 31.Rad1  1/2-1/2

[Event "3rd Forni di Sopra Open"]
[Site "Forni di Sopra ITA"]
[Date "2012.06.18"]
[Round "3.24"]
[White "Movileanu,Daniela"]
[Black "Cnossen,W"]
[Result "0-1"]
[WhiteElo "1984"]
[BlackElo "2160"]

1.e4 d5 2.exd5 Qxd5 3.Nc3 Qd6 4.d4 Nf6 5.Nge2 c6 6.Bf4 Qb4 7.Qd2 Bf5 8.O-O-O e6
9.Ng3 Bg6 10.Kb1 Nbd7 11.d5 Nxd5 12.Nxd5 cxd5 13.Qxb4 Bxb4 14.Bb5 Rc8 15.Ba4 b5
16.Bb3 a5 17.a4 Nc5 18.Ka2 Nxa4 19.Bxa4 bxa4 20.c3 Be7 21.Be3 Bc2 22.Rd2 Bb3+
23.Ka1 a3 24.f4 O-O 25.Bd4 f6 26.Re1 Kf7 27.Rde2 Rc6 28.Nf5 Bd8 29.Nh4 Bc4
30.Rd2 Bc7 31.g3 Rb8 32.Nf3 axb2+ 33.Rxb2 Rxb2 34.Kxb2 a4 35.Ra1 Be2 36.Nd2 e5
37.fxe5 fxe5 38.Be3 Bb5 39.Nf3 Bd6 40.Rc1 a3+ 41.Ka1 Bd3 42.Bd2 Rb6 43.Re1 Rb2
44.Bg5 Be2  0-1

[Event "ch-FIN 2012"]
[Site "Helsinki FIN"]
[Date "2012.06.20"]
[Round "10"]
[White "Karttunen,M"]
[Black "Valli,F"]
[Result "1/2-1/2"]
[WhiteElo "2447"]
[BlackElo "2278"]

1.e4 d5 2.exd5 Qxd5 3.Nc3 Qd6 4.d4 Nf6 5.Nf3 c6 6.Ne5 Nbd7 7.Nc4 Qc7 8.Qf3 Nb6
9.Bf4 Qd7 10.Nxb6 axb6 11.O-O-O e6 12.Be5 Nd5 13.Bc4 f6 14.Bg3 b5 15.Bb3 Bb4
16.Nxd5 exd5 17.c3 Be7 18.Qh5+ g6 19.Qh6 Bf8 20.Qd2 Qd8 21.h4 h5 22.f3 Bf5
23.Bf4 Qd7 24.Rde1+ Be7 25.Re3 Kf7 26.Qf2 Rhe8 27.Rhe1 Bf8 28.Rxe8 Rxe8 29.Rxe8 Qxe8
30.a3 Qe6 31.Kd2 Be7 32.Bd1 Bf8 33.Qg1 Be7 34.Be2 Bf8 35.Be3 Bd6 36.g3 Bf8
37.Bf4 Be7 38.Qh2 Bf8 39.Qg2 Bh3 40.Qg1 Bf5 41.Qd1 Be7 42.a4 bxa4 43.Qxa4 b5
44.Qa7 Qd7 45.Qb8 Qc8 46.Qa7 Qd7 47.Qa6 Qc8 48.Qa5 Bd8 49.Qa3 Qd7 50.Bd6 Ke6
51.Bb8 Be7 52.Qa6 Kf7 53.Ke1 Bf8 54.Kf2 Bh6 55.f4 Bf8 56.Qa7 Qxa7 57.Bxa7 Bd6
58.Ke3 Ke6 59.Bb6 Be7 60.Bc5 Bd8 61.Bd1 Bc7 62.Bb4 Bg4 63.Bc2 Bf5 64.Bd1 Bg4
65.Bc2  1/2-1/2

[Event "Paleros Open"]
[Site "Paleros GRE"]
[Date "2012.06.20"]
[Round "6"]
[White "Dorfanis,I"]
[Black "Pappas,An"]
[Result "1-0"]
[WhiteElo "2225"]
[BlackElo "2044"]

1.e4 d5 2.exd5 Qxd5 3.Nc3 Qd6 4.d4 Nf6 5.Nf3 a6 6.g3 Nc6 7.Bg2 Bg4 8.O-O e6
9.Bf4 Qd7 10.h3 Bf5 11.g4 Bg6 12.Ne5 Nxe5 13.dxe5 Nd5 14.Nxd5 exd5 15.Qxd5 Qxd5
16.Bxd5 c6 17.Bb3 h5 18.e6 f6 19.Rfe1 Bc5 20.Kg2 hxg4 21.hxg4 Rd8 22.Rad1 Ke7
23.Bc7 Rd4 24.Rxd4 Bxd4 25.Rd1 Rc8 26.Bd6+ Kxd6 27.Rxd4+ Ke5 28.Rd7 Be8 29.Rxg7 c5
30.c3 c4 31.Bc2 Kf4 32.Kf1 Rd8 33.Rg8 Rd2 34.Rxe8 Rxc2 35.Rf8  1-0

[Event "16th Voronezh Master Open"]
[Site "Voronezh RUS"]
[Date "2012.06.20"]
[Round "8.42"]
[White "Komiagina,M"]
[Black "Baraeva,I"]
[Result "1/2-1/2"]
[WhiteElo "2244"]
[BlackElo "2169"]

1.e4 d5 2.exd5 Qxd5 3.Nc3 Qd6 4.d4 Nf6 5.Nf3 c6 6.Ne5 Nbd7 7.Nc4 Qc7 8.Qf3 Nb6
9.Bf4 Qd7 10.Be5 Qg4 11.Qxg4 Nxg4 12.Nxb6 axb6 13.Bc7 b5 14.Ne4 Bf5 15.Bd3 Bg6
16.a3 e6 17.O-O Be7 18.Rad1 O-O 19.Bb6 Nf6 20.Nxf6+ Bxf6 21.Bxg6 hxg6  1/2-1/2

[Event "65th ch-RUS HL"]
[Site "Tyumen RUS"]
[Date "2012.06.26"]
[Round "10"]
[White "Shishigin,D"]
[Black "Yuzhakov,O"]
[Result "0-1"]
[WhiteElo "2231"]
[BlackElo "2286"]

1.e4 d5 2.exd5 Qxd5 3.Nc3 Qd6 4.d4 Nf6 5.Nf3 Nc6 6.g3 g6 7.Bg2 Bg7 8.O-O O-O
9.Bf4 Qb4 10.d5 Qxb2 11.Na4 Qa3 12.dxc6 Qxa4 13.Ne5 b6 14.c4 Qa5 15.Qe2 Nh5
16.Rad1 Be6 17.Nd7 Nxf4 18.gxf4 Rfe8 19.Bd5 Bh3 20.Rfe1 Bc3 21.Qe3 Bg4 22.f3 Bxe1
23.fxg4 Bc3 24.f5 Bg7 25.Bxf7+ Kh8 26.f6 Bxf6 27.Bxe8 Bg5 28.Qd4+ Kg8 29.c5 Qxa2
30.cxb6 axb6 31.Nxb6 Rxe8 32.Nc4 Qe2 33.Rf1 Bf6 34.Qd5+ e6 35.Qf3 Bd4+ 36.Kh1 Qxf3+
37.Rxf3 Ra8 38.Rd3 e5 39.Na3 Ra5 40.Nc2 Bb6 41.Nb4 Ra1+ 42.Kg2 Rg1+ 43.Kh3 e4
44.Rd7 e3 45.Nd5 Rf1 46.Re7 Bc5 47.Re4 Rf2 48.g5 e2 49.Kg3 Rf5 50.Ne7+ Bxe7
51.Rxe7 Kf8 52.Rxe2 Rxg5+ 53.Kh4 Rc5 54.Rd2 Rxc6 55.Rd7 Kg8 56.Kg4 Rc4+ 57.Kg5 Rc5+
58.Kg4 Rc1 59.Kg5 Rg1+ 60.Kh4 Rg2 61.h3 Rc2 62.Kg5 Rc5+ 63.Kg4 h5+ 64.Kh4 Kf8
65.Rh7 Ke8 66.Rg7 Rc6 67.Kg5 Kd8 68.h4 Kc8 69.Kf4 Re6 70.Kf3 Kb7 71.Rd7 Kb6
72.Rd1 c5 73.Rc1 Kb5 74.Rb1+ Ka4 75.Rc1 Kb4 76.Rb1+ Ka3 77.Rc1 Rc6  0-1

[Event "20th Montcada Open"]
[Site "Montcada i Reixac ESP"]
[Date "2012.06.28"]
[Round "4.18"]
[White "Pardo Simon,D"]
[Black "Ramirez Garcia,J"]
[Result "1-0"]
[WhiteElo "2421"]
[BlackElo "2234"]

1.e4 d5 2.exd5 Qxd5 3.Nc3 Qd6 4.Bc4 a6 5.d3 Nf6 6.a4 Nc6 7.Nge2 Bf5 8.O-O e6
9.Ng3 Bg6 10.f4 Qd4+ 11.Kh1 Bc5 12.f5 Bxf5 13.Nxf5 exf5 14.Rxf5 O-O-O 15.Bg5 Ne7
16.Rf1 Ng4 17.Ne4 f5 18.Be6+ Kb8 19.Bxf5 Nxf5 20.Rxf5 Qxe4 21.dxe4 Rxd1+
22.Rxd1 Nf2+ 23.Rxf2 Bxf2 24.g3 h6 25.Bf4 Re8 26.Kg2 g5 27.Kxf2 gxf4 28.Kf3 fxg3
29.hxg3 Rf8+ 30.Ke3 Rg8 31.e5 Rxg3+ 32.Kf4 Rg2 33.e6 Re2 34.Kf5 c5 35.Kf6 Rf2+
36.Kg7 Re2 37.Kf7 Rf2+ 38.Ke8 Kc7 39.e7 Rf6 40.Rd7+ Kc6 41.Kd8  1-0

[Event "Stockholm Master Open 2012"]
[Site "Stockholm SWE"]
[Date "2012.06.28"]
[Round "1.11"]
[White "Bergstrom,R"]
[Black "Jakenberg,Jussi"]
[Result "1-0"]
[WhiteElo "2277"]
[BlackElo "2061"]

1.e4 d5 2.exd5 Qxd5 3.Nc3 Qd6 4.g3 Nf6 5.Bg2 c6 6.Nf3 Bg4 7.h3 Bh5 8.O-O e6
9.d3 Be7 10.Bf4 Qd8 11.g4 Bg6 12.Ne5 Nfd7 13.Nxg6 hxg6 14.Qd2 Na6 15.Rae1 Nf6
16.Bg3 Nc7 17.a3 Bd6 18.f4 Qd7 19.Qf2 Kd8 20.Ne4 Nxe4 21.dxe4 Kc8 22.Rd1 Qe7
23.b4 Nb5 24.Qf3 Bc7 25.c4 Nd6 26.c5 Ne8 27.e5 Rb8 28.Rf2 f5 29.Rfd2 Bd8
30.Rxd8+ Qxd8 31.Rxd8+ Kxd8 32.b5 cxb5 33.Qd3+ Kc8 34.Qxb5 Nc7 35.Qa4 a6
36.Be1 Rd8 37.Ba5 Rd7 38.Bxc7 Rxc7 39.Qe8+  1-0

[Event "9th Philadelphia International"]
[Site "Philadelphia USA"]
[Date "2012.06.29"]
[Round "1"]
[White "Bodek,Michael H"]
[Black "Nieto,G"]
[Result "1-0"]
[WhiteElo "2324"]
[BlackElo "1913"]

1.e4 d5 2.exd5 Qxd5 3.Nc3 Qd6 4.d4 Nf6 5.Nf3 c6 6.Be3 Bg4 7.h3 Bh5 8.g4 Bg6
9.Ne5 Nd5 10.Nxd5 Qxd5 11.Rg1 Nd7 12.Nxg6 hxg6 13.Qd2 Nb6 14.b3 e5 15.Bg2 e4
16.O-O-O Ba3+ 17.Kb1 O-O 18.c4 Qe6 19.d5 cxd5 20.c5 Nd7 21.Qxd5 Qe5 22.Qxe5 Nxe5
23.Bxe4 Rac8 24.Bxb7 Rc7 25.Be4 Bxc5 26.Bxc5 Rxc5 27.f4 Nc6 28.Rd7 Nb4 29.a3 Na6
30.Rxa7 Re8 31.Bd3 Nc7 32.Rc1 Rd5 33.Bc4 Nb5 34.Bxd5 Nxa7 35.a4 Nc8 36.a5 Ne7
37.Bb7 Rb8 38.a6 f5 39.a7  1-0

[Event "ch-UAE 2012"]
[Site "Abu Dhabi UAE"]
[Date "2012.06.30"]
[Round "4.9"]
[White "Abdulla,Abdulwahab"]
[Black "Al Zarooni,A"]
[Result "0-1"]
[WhiteElo "1789"]
[BlackElo "1754"]

1.e4 d5 2.exd5 Qxd5 3.Nc3 Qd6 4.d4 Nf6 5.Bc4 c6 6.Nge2 Bg4 7.f3 Bf5 8.Bf4 Qd8
9.O-O e6 10.Ng3 Bg6 11.Re1 Be7 12.Nge4 Nd5 13.Bxd5 cxd5 14.Nc5 b6 15.Nd3 Nc6
16.Nb5 O-O 17.Ne5 Nxe5 18.Bxe5 a6 19.Nc3 Rc8 20.a3 b5 21.Qe2 b4 22.axb4 Bxb4
23.Qd2 a5 24.Re2 Rc4 25.Kh1 Qc8 26.Re3 Qc6 27.Bg3 Rc8 28.Be1 a4 29.Qd1 a3
30.Qc1 h6  0-1

[Event "Mukachevo Summer Open"]
[Site "Mukachevo UKR"]
[Date "2012.06.30"]
[Round "8.4"]
[White "Tarlev,K"]
[Black "Nechaev,An"]
[Result "1-0"]
[WhiteElo "2526"]
[BlackElo "2423"]

1.e4 d5 2.exd5 Qxd5 3.Nc3 Qd6 4.d4 Nf6 5.Nf3 Bg4 6.h3 Bh5 7.g4 Bg6 8.Ne5 Nbd7
9.Bf4 Qb4 10.Nc4 Ne4 11.Qf3 Nxc3 12.bxc3 Qa4 13.Qxb7 Rb8 14.Qxc7 Qxc2 15.Ne3 Qb2
16.Rd1 Be4 17.Bg2 Bxg2 18.Nxg2 Qb5 19.d5 Qa6 20.Qc6 Rb6 21.Qa8+ Nb8 22.Bxb8 Qc8
23.Qxa7 Rxb8 24.O-O h5 25.d6 Qb7 26.d7+ Kd8 27.Qa5+ Qb6 28.Qf5 Qf6  1-0

[Event "XXI Adolf Anderssen Mem Prelim"]
[Site "Wroclaw POL"]
[Date "2012.06.30"]
[Round "1"]
[White "Zmarzly,A"]
[Black "Kasparov,S"]
[Result "0-1"]
[WhiteElo "2049"]
[BlackElo "2506"]

1.e4 d5 2.exd5 Qxd5 3.Nc3 Qd6 4.d4 Nf6 5.Nf3 c6 6.g3 Bf5 7.Bg2 e6 8.O-O Be7
9.a3 O-O 10.Bf4 Qd8 11.Re1 Nbd7 12.Ng5 Nd5 13.Nxd5 cxd5 14.Nf3 Rc8 15.c3 Nb6
16.Ne5 Bd6 17.Qe2 Re8 18.Rac1 f6 19.Nd3 Bxd3 20.Qxd3 Bxf4 21.gxf4 g6 22.f5 gxf5
23.Re3 Nc4 24.Rg3+ Kh8 25.Qe2 Nd6 26.Qh5 Rc7 27.Kh1 Rg8 28.Rxg8+ Qxg8 29.Rg1 Rg7
30.Qd1 Ne4 31.Bxe4 fxe4  0-1

[Event "XXI Adolf Anderssen Mem Prelim"]
[Site "Wroclaw POL"]
[Date "2012.06.30"]
[Round "3"]
[White "Kislov,M"]
[Black "Kasparov,S"]
[Result "1-0"]
[WhiteElo "2330"]
[BlackElo "2506"]

1.e4 d5 2.exd5 Qxd5 3.Nc3 Qd6 4.d4 Nf6 5.Nf3 c6 6.g3 Bf5 7.Bg2 e6 8.O-O Be7
9.Bf4 Qd8 10.h3 h6 11.Re1 Nbd7 12.Ne2 O-O 13.g4 Bg6 14.Ng3 Nd5 15.Bd2 b5
16.a3 Qc7 17.Qc1 Bd6 18.b3 Bf4 19.c4 bxc4 20.bxc4 Bxd2 21.Qxd2 N5b6 22.Rac1 Rad8
23.Qe3 c5 24.dxc5 Nxc5 25.Ne5 Bh7 26.Nc6 Nd3 27.Nxd8 Rxd8 28.c5 Nd5 29.Bxd5 Rxd5
30.Red1 Bg6 31.c6 Nxc1 32.Rxd5 exd5 33.Qxc1 d4 34.Qc4 d3 35.Qd5 d2 36.Qxd2 Qxc6
37.Qe3 Qb6 38.Kg2 Qxe3 39.fxe3 f6 40.e4 Kf7 41.Kf3 Ke6 42.Kf4 Be8 43.Nf5 g5+
44.Ke3 Bb5 45.Kf3 Ke5 46.Nxh6 Bc4  1-0

[Event "ch-UAE 2012"]
[Site "Abu Dhabi UAE"]
[Date "2012.07.03"]
[Round "7.3"]
[White "Faisal,Ab"]
[Black "Mansour,A"]
[Result "1-0"]
[WhiteElo "2240"]
[BlackElo "1933"]

1.e4 d5 2.exd5 Qxd5 3.Nc3 Qd6 4.d4 Nf6 5.Nf3 c6 6.Ne5 Bf5 7.Bc4 e6 8.g4 Bg6
9.h4 Ne4 10.Nxf7 Kxf7 11.h5 Nxc3 12.hxg6+ hxg6 13.Qf3+ Kg8 14.Rxh8+ Kxh8
15.bxc3 Nd7 16.Bf4 Qe7 17.Qh3+ Kg8 18.g5 Re8 19.Kd2 Nb6 20.Bd3 Qf7 21.Bg3 e5
22.Rh1 Nc4+ 23.Bxc4 Qxc4 24.Bxe5 Qxa2 25.Qh8+ Kf7 26.Rh3 Rxe5 27.dxe5 Qd5+
28.Rd3 Qxe5 29.Rf3+  1-0

[Event "ch-BEL Experts 2012"]
[Site "Lommel BEL"]
[Date "2012.07.03"]
[Round "4.1"]
[White "Popovic,Pe"]
[Black "Hautot,S"]
[Result "1-0"]
[WhiteElo "2481"]
[BlackElo "2395"]

1.e4 d5 2.exd5 Qxd5 3.Nc3 Qd6 4.d4 Nf6 5.Nf3 c6 6.Ne5 Be6 7.Be2 g6 8.Bf4 Qd8
9.O-O Nbd7 10.Na4 Bg7 11.c4 O-O 12.Re1 Nxe5 13.Bxe5 b6 14.Nc3 Qd7 15.Qa4 a6
16.b3 Qb7 17.Rad1 Rfd8 18.h3 Bf8 19.Qa3 b5 20.Qc1 Nd7 21.Bf4 Nf6 22.Bf1 Rac8
23.Qe3 Qa7 24.Rd2 Rd7 25.Red1 Rcd8 26.d5 Qxe3 27.Bxe3 cxd5 28.cxb5 axb5 29.Bxb5 Rb7
30.Bc6 Rc7 31.Nxd5 Nxd5 32.Bxd5 Bxd5 33.Rxd5 Ra8 34.Rd8 Rcc8 35.Rxc8 Rxc8
36.b4 Ra8 37.Rd2 e5 38.b5 f5 39.g3 Kf7 40.b6 Rb8 41.Rb2  1-0